Historia ecológica de la Cuenca de Chapala : antología /

Guardado en:
Bibliografiske detaljer
Hovedforfatter: Lameiras, Brigitte B. de (autor)
Andre forfattere: Sánchez Rodríguez, Martín (presentación) (presentación)
Format: Bog
Sprog:spansk
Udgivet: Zamora, México : Guadalajara, México : El Colegio de Michoacán ; Universidad de Guadalajara, Centro Universitario de Ciencias Sociales y Humanidades, 2006, c2006
Serier:(Proyecto Cuenca Lerma-Chapala-Santiago)
(Estudios ColMich)
Fag:
Tags: Tilføj Tag
Ingen Tags, Vær først til at tagge denne postø!

MARC

LEADER 00000nam^a2200000^a^4500
001 000265512
005 20250521000000.0
009 20260526133830.243
037 |a Acervo ITESO - Biblioteca 
041 |a ESP 
082 |a 972. 35  |b BOE 
100 |a Lameiras, Brigitte B. de  |e (autor) 
245 1 0 |a Historia ecológica de la Cuenca de Chapala :  |b antología /  |c B.B. de Lameiras ; presen. de M. Sánchez Rodríguez. 
264 4 |a Zamora, México :  |b El Colegio de Michoacán ;  |a Guadalajara, México :  |b Universidad de Guadalajara, Centro Universitario de Ciencias Sociales y Humanidades,  |c 2006, c2006 
300 |a 288 p. 
336 |a texto  |b txt  |2 rdacontenido 
337 |a sin mediación  |b n  |2 rdamedio 
338 |a volumen  |b nc  |2 rdasoporte 
440 1 |a (Proyecto Cuenca Lerma-Chapala-Santiago) 
440 1 |a (Estudios ColMich) 
649 |a XX 
650 |a Paisajes -  |z Chapala (Lago) 
650 |a Chapala (Lago) -  |x Historia -  |x Tema Principal 
650 |a Lerma (Río) -  |x Historia 
650 |a Chapala, Jalisco -  |x Descripción 
650 |a Agua -  |x Abastecimiento -  |z México 
650 |a Cuencas Hidrográficas -  |z México (Región Occidente) -  |x Historia 
650 |a Cuencas Hidrográficas -  |z Jalisco -  |x Historia 
650 |a Cuencas Hidrográficas -  |z México -  |x Historia 
650 |a Jalisco -  |x Historia 
650 |a México -  |x Historia 
650 |a Antropología 
650 |a Ecología 
650 |a Hidrografía 
700 |a Sánchez Rodríguez, Martín  |e (presentación) 
910 |a Fondo General 
920 |a Impresos - Libros 
930 |a Colección General 
905 |a 101 
901 |a 0500148120  |b IT1  |c ACC  |u 20250521 
902 |a https://opac.biblio.iteso.mx/vufind/Record/000265512